| 000 | 00849nam a2200217 a 4500 | ||
|---|---|---|---|
| 020 | _a2859850481 | ||
| 040 | _cDLC | ||
| 082 | 0 | 0 | _a636 INS 1980 A090 Or. |
| 245 | 0 | 0 | _aSynthèse des connaissances sur l'élevage des petits ruminants dans les pays tropicaux d'Afrique centrale et d'Afrique de l'Ouest. |
| 260 |
_aMaisons-Alfort : _bInstitut d'élevage et de médecine vétérinaire des pays tropicaux, _c1980. |
||
| 300 |
_avi, 295 p. [11] leaves of plates : _bill. ; _c30 cm. |
||
| 500 | _aOn cover: Les petits ruminants d'Afrique centrale et d'Afrique de l'Ouest. | ||
| 500 | _a"Réalisé par J. Charray [et al.]"--P. following t.p. | ||
| 650 | 0 | _aSheep | |
| 650 | 0 | _aGoats | |
| 650 | 0 | _aSheep | |
| 650 | 0 | _aGoats | |
| 700 | 1 | _aCharray, J. | |
| 710 | 2 | _aInstitut d'élevage et de médecine vétérinaire des pays tropicaux. | |
| 942 | _cFB | ||
| 999 |
_c15924 _d15924 |
||